| 000 | 00860nam a2200277 i 4500 | ||
|---|---|---|---|
| 003 | EG-GICUC | ||
| 005 | 20260127142813.0 | ||
| 008 | 260127s1982 ru ||fr|||| 000 0 eng d | ||
| 040 |
_aEG-GiCUC _beng _cEG-GiCUC _dEG-GiCUC _erda |
||
| 041 | 0 | _aeng | |
| 082 | 0 | 4 |
_221 _a341.81073 _bNI . A |
| 092 | 0 | 4 | _221 |
| 099 | _aLaw1 12 341.81073 NI . A 1982 | ||
| 100 | 1 |
_aNikolayev, Vladimir _eAuthor. |
|
| 245 | 1 | 4 |
_aThe Americans : _bAs Seen By A Soviet Writer / _cVladimir Nikolayev. |
| 264 |
_aMoscow : _bProgress Publishers, _c1982. |
||
| 300 |
_a261 page, _c22 cm. |
||
| 336 |
_2rda content _atext |
||
| 337 |
_2rda media _aComputer |
||
| 338 |
_2rda carrier _aOnline Resource |
||
| 546 | _aText in English | ||
| 650 | 1 | 4 | _aPrivate international law |
| 856 | 4 | 0 | _uhttps://fll.law.cu.edu.eg/fulltext/bks/B12-01764.pdf |
| 905 | _a48 | ||
| 942 |
_2ddc _cBK _e21 _n0 |
||
| 999 |
_c59597 _d59597 |
||